Egy-egy hold földet kapnak bérbe a tisztviselők megegyezett a közgyűlési ellenzék a javaslattevőkkel

Elmentve itt :
Bibliográfiai részletek
Dokumentumtípus: Cikk
Megjelent: 1921-04-14
Sorozat:Délmagyarország 2 No. 85
Kulcsszavak:Földbérlet, Földbérlés
Online Access:http://dmarchiv.bibl.u-szeged.hu/44858
LEADER 00493nab a2200145 i 4500
001 delm44858
005 20180927131931.0
008 180927s1921 hu o 0|| hun d
040 |a SZTE Délmagyarország Archívum  |b hun 
041 |a hun 
245 0 0 |a Egy-egy hold földet kapnak bérbe a tisztviselők   |h [elektronikus dokumentum] :  |b megegyezett a közgyűlési ellenzék a javaslattevőkkel 
260 |c 1921-04-14 
300 |a 2 
490 0 |a Délmagyarország  |v 2 No. 85 
695 |a Földbérlet, Földbérlés